000 00500nam a2200193Ia 4500
005 20240823024530.0
008 240823s9999||||xx |||||||||||||| ||und||
020 _a81-318-0058-X
041 _aENGLISH
082 _A621.4021 P8
100 _aRajput R K
245 2 _aA Text Book of Engineering Thermodynamics
250 _a3rd
260 _c2008
_bLaxmi Publication (P
_aNew Delhi
500 _aTRANSFERED
650 _aThermodynamics
_bAerospace Engineering
942 _cBK
999 _c184142
_d184142